Statystyki dla Austriaccy skoczkowie w sezonie 2019-2020

Kliknij tutaj aby rozwiązać quiz!

Ogólne statystyki

  • Ten quiz został rozwiązany 142 razy
  • Średni wynik to 6 z 13

Statystyki odpowiedzi

Lp.Odpowiedź% Poprawnych
1.Stefan Kraft
98%
3.Daniel Huber
73%
9.Stefan Huber
68%
4.Michael Hayböck
66%
6.Gregor Schlierenzauer
61%
2.Philipp Aschenwald
55%
5.Jan Hörl
53%
8.Manuel Fettner
52%
7.Clemens Aigner
28%
12.Clemens Leitner
23%
11.Markus Schiffner
20%
13.Stefan Rainer
9%
10.Marco Wörgötter
5%

Rozkład punktacji

Percentyl według liczby udzielonych odpowiedzi

Procent ludzi z każdym wynikiem

Twoja historia wyników

Nie rozwiązałeś tego quizu